[Event "Rated Blitz game"]
[Site "?"]
[Date "2021.04.03"]
[Round "?"]
[White "RuvPaul"]
[Black "jsequera"]
[Result "0-1"]
[WhiteElo "2341"]
[BlackElo "2488"]
[PlyCount "58"]
[EventDate "2021.??.??"]
[EventType "blitz"]

1. e4 e5 2. Nf3 d5 3. exd5 e4 4. Ne5 Qxd5 5. Nc4 Nc6 6. Nc3 Qf5 7. Ne3 Qg6 8.
d4 Bb4 9. Bb5 Bd7 10. O-O Bxc3 11. bxc3 Nf6 12. Nc4 O-O 13. Bxc6 Bh3 14. Bxe4
Nxe4 15. Qf3 Bg4 16. Qf4 Nxc3 17. Ne5 Ne2+ 18. Kh1 Nxf4 19. Nxg6 fxg6 20. Ba3
Rfe8 21. f3 Be6 22. Rab1 Bc4 23. Rfd1 b5 24. Bc1 Nd5 25. Bd2 Re2 26. h3 Rae8
27. Kh2 Rf2 28. Be1 Rxc2 29. Rd2 Rxe1 {Normal} 0-1

[Event "Rated Blitz tournament apr21bta"]
[Site "?"]
[Date "2021.04.03"]
[Round "?"]
[White "Platy2"]
[Black "babageldi2277"]
[Result "0-1"]
[WhiteElo "2691"]
[BlackElo "2630"]
[PlyCount "60"]
[EventDate "2021.??.??"]
[EventType "blitz"]

1. e4 e5 2. Nf3 d5 3. exd5 e4 4. Qe2 Be7 5. Qxe4 Nf6 6. Qa4+ c6 7. dxc6 O-O 8.
Be2 Nxc6 9. O-O Re8 10. Nc3 a6 11. d3 Nb4 12. d4 Bd7 13. Qb3 Be6 14. Bc4 Bxc4
15. Qxc4 Nxc2 16. Rb1 Rc8 17. Qd3 Nb4 18. Qf5 Nbd5 19. Nxd5 Nxd5 20. Bg5 g6 21.
Bxe7 Rxe7 22. Qg4 Nf6 23. Qg5 Ne4 24. Qf4 Rc2 25. Rbe1 f5 26. g4 Qf8 27. gxf5
Qxf5 28. Qxf5 gxf5 29. Kh1 Nxf2+ 30. Kg1 Rg7+ {Normal} 0-1

[Event "Rated Blitz tournament apr21bta"]
[Site "?"]
[Date "2021.04.03"]
[Round "?"]
[White "Zaven_ChessMood"]
[Black "Abik02"]
[Result "1-0"]
[WhiteElo "2665"]
[BlackElo "2613"]
[PlyCount "67"]
[EventDate "2021.??.??"]
[EventType "blitz"]

1. e4 e5 2. Nf3 d5 3. Nxe5 Bd6 4. d4 dxe4 5. Nc4 Nf6 6. Nc3 O-O 7. Be2 Nc6 8.
Be3 Bf5 9. O-O Bb4 10. h3 Qe7 11. a3 Bxc3 12. bxc3 Rad8 13. Rb1 b6 14. Bd2 Nd5
15. Ne3 Be6 16. Nxd5 Rxd5 17. Be3 Rdd8 18. Qc1 Na5 19. Rb4 h6 20. c4 Nc6 21. d5
Nxb4 22. axb4 Bc8 23. b5 f5 24. Qd2 g5 25. f4 exf3 26. Bxf3 g4 27. Bxh6 gxf3
28. Rxf3 Rf7 29. Bg5 Qc5+ 30. Kh1 Re8 31. Rg3 Kh7 32. Qd1 f4 33. Qh5+ Kg8 34.
Bf6+ {Normal} 1-0

[Event "Rated Blitz game"]
[Site "?"]
[Date "2021.04.03"]
[Round "?"]
[White "Merthiiin"]
[Black "annaly1979"]
[Result "1-0"]
[WhiteElo "2454"]
[BlackElo "2342"]
[PlyCount "77"]
[EventDate "2021.??.??"]
[EventType "blitz"]

1. e4 e5 2. Nf3 d5 3. exd5 e4 4. Ne5 Bd6 5. d4 Nf6 6. c4 b6 7. Nc3 h6 8. Be2
O-O 9. O-O Bf5 10. f3 Bh7 11. fxe4 Nxe4 12. Nxe4 Bxe4 13. Bd3 Bxd3 14. Qxd3 Nd7
15. Nc6 Qh4 16. g3 Qh3 17. Bf4 Bxf4 18. Rxf4 Nf6 19. Ne7+ Kh8 20. Nf5 Ng4 21.
Qe2 h5 22. Qg2 Qxg2+ 23. Kxg2 g6 24. h3 g5 25. Rf3 Nf6 26. Re1 Rae8 27. Rfe3
Rxe3 28. Rxe3 Re8 29. Rxe8+ Nxe8 30. Kf3 Kh7 31. g4 hxg4+ 32. hxg4 f6 33. b4
Kg6 34. c5 Kf7 35. Ke4 c6 36. dxc6 Ke6 37. d5+ Kf7 38. d6 Ke6 39. d7 {Normal}
1-0

[Event "Rated Blitz game"]
[Site "?"]
[Date "2021.04.03"]
[Round "?"]
[White "Jazzyjef"]
[Black "magos33"]
[Result "1-0"]
[WhiteElo "2549"]
[BlackElo "2398"]
[PlyCount "61"]
[EventDate "2021.??.??"]
[EventType "blitz"]

1. e4 e5 2. Nf3 d5 3. Nc3 d4 4. Ne2 Bd6 5. Ng3 Ne7 6. Bc4 O-O 7. d3 c5 8. O-O
a6 9. a4 Kh8 10. Bd2 Nd7 11. a5 b5 12. axb6 Nxb6 13. Bb3 Ng6 14. Ng5 Qe7 15.
Qh5 h6 16. Nxf7+ Rxf7 17. Qxg6 Rf6 18. Qh5 c4 19. dxc4 Be6 20. Bg5 Bxc4 21.
Bxc4 Nxc4 22. b3 Nb6 23. Bxf6 Qxf6 24. Nf5 Bf8 25. Ra5 Nd7 26. Rfa1 Nc5 27. Qg4
g6 28. Ng3 h5 29. Qe2 Bh6 30. Nf1 Rb8 31. Rxc5 {Normal} 1-0

[Event "Rated Blitz tournament apr21bta"]
[Site "?"]
[Date "2021.04.03"]
[Round "?"]
[White "Kastorcito"]
[Black "babageldi2277"]
[Result "1-0"]
[WhiteElo "2726"]
[BlackElo "2617"]
[PlyCount "95"]
[EventDate "2021.??.??"]
[EventType "blitz"]

1. e4 e5 2. Nf3 d5 3. exd5 e4 4. Qe2 Be7 5. Qxe4 Nf6 6. Qa4+ c6 7. dxc6 O-O 8.
Bc4 Nxc6 9. O-O Bg4 10. Be2 Re8 11. d3 a6 12. c3 Bd6 13. Qc2 Rc8 14. a3 Bb8 15.
Be3 Nd5 16. Qd2 Qd6 17. g3 Rcd8 18. Re1 Nxe3 19. fxe3 Bxf3 20. Bxf3 Ne5 21.
Bxb7 Qb6 22. Be4 Ng4 23. Qe2 f5 24. Nd2 Nxh2 25. Kxh2 fxe4 26. Nxe4 Qh6+ 27.
Kg2 Qg6 28. g4 Rxd3 29. Qxd3 Qxg4+ 30. Kf1 Rf8+ 31. Nf2 Qf3 32. Qd2 Bg3 33.
Rad1 h5 34. Qd5+ Qxd5 35. Rxd5 Rxf2+ 36. Kg1 Rxb2 37. Rf1 h4 38. Rg5 Rc2 39.
Rd1 Bf2+ 40. Kh1 Bxe3 41. Rd8+ Kh7 42. Rh5+ Kg6 43. Rxh4 Bg5 44. Rd6+ Bf6 45.
Rh3 Kf5 46. Rxa6 Rc1+ 47. Kg2 Rc2+ 48. Kf1 {Time forfeit} 1-0

[Event "Rated Blitz game"]
[Site "?"]
[Date "2021.04.03"]
[Round "?"]
[White "gajardo"]
[Black "Chessbear_163"]
[Result "1-0"]
[WhiteElo "2454"]
[BlackElo "2331"]
[PlyCount "111"]
[EventDate "2021.??.??"]
[EventType "blitz"]

1. e4 e5 2. Nf3 d5 3. exd5 e4 4. Ne5 Qxd5 5. d4 exd3 6. Nxd3 Nf6 7. Nc3 Qf5 8.
Be2 Bd6 9. O-O O-O 10. Be3 Nc6 11. h3 Qg6 12. Kh1 Bf5 13. Nb5 Rfd8 14. Nxd6
Rxd6 15. Qc1 Rad8 16. Nf4 Qh6 17. Ne6 Qh4 18. Bg5 Qe4 19. Nxd8 Qxe2 20. Nxc6
Rxc6 21. Bxf6 Rxf6 22. Qd1 Qe7 23. Re1 Qf8 24. Qd2 h6 25. Rad1 Rd6 26. Qc3 Rc6
27. Qa5 Bxc2 28. Rc1 Qd6 29. Qxa7 Qd7 30. Qb8+ Kh7 31. Qxb7 Be4 32. Qb3 Bd5 33.
Qd3+ Rg6 34. f3 Qd6 35. Rcd1 c6 36. b4 Qg3 37. Re2 Be6 38. f4 Qxf4 39. Qf3 Qxb4
40. Qe4 Qxe4 41. Rxe4 Bd5 42. Re2 Rg3 43. Rc1 Ra3 44. Kh2 Rxa2 45. Rxa2 Bxa2
46. Rxc6 Be6 47. Kg3 Kg6 48. Rc7 Kf5 49. Ra7 g5 50. Ra5+ Kf6 51. Ra3 h5 52. Kf2
Kg6 53. g3 f6 54. h4 g4 55. Ke3 Bf5 56. Kf4 {Time forfeit} 1-0

[Event "Rated Blitz tournament apr21bta"]
[Site "?"]
[Date "2021.04.03"]
[Round "?"]
[White "chessbrahs"]
[Black "GrigoriiTer-Saakian"]
[Result "1-0"]
[WhiteElo "2720"]
[BlackElo "2448"]
[PlyCount "85"]
[EventDate "2021.??.??"]
[EventType "blitz"]

1. e4 e5 2. Nf3 d5 3. d4 dxe4 4. Nxe5 Nf6 5. Nc3 Bd6 6. Nc4 O-O 7. Nxd6 cxd6 8.
Be2 d5 9. O-O Nc6 10. Bg5 Be6 11. f3 exf3 12. Bxf3 h6 13. Bh4 g5 14. Bf2 Kg7
15. h3 Qb6 16. b3 Rae8 17. Na4 Qc7 18. c4 dxc4 19. d5 Rd8 20. bxc4 Bf5 21. Rc1
Ne5 22. Bd4 Bg6 23. Qb3 Rfe8 24. Nb2 Kh7 25. Rfe1 Nxf3+ 26. Qxf3 Ng8 27. c5 Qf4
28. Qxf4 gxf4 29. d6 Bf5 30. Kf2 Kg6 31. Nc4 f6 32. Na5 b6 33. Nc6 Rxe1 34.
Rxe1 Rd7 35. Ne7+ Kg5 36. Nxg8 bxc5 37. Bxf6+ Kg6 38. Re7 Rxd6 39. Rg7+ Kh5 40.
Bc3 Rd3 41. Nf6+ Kh4 42. Be1 f3 43. Kg1+ {Normal} 1-0

[Event "Rated Blitz tournament me2xnrcu"]
[Site "?"]
[Date "2021.04.03"]
[Round "?"]
[White "austrianattack"]
[Black "adamak123"]
[Result "1-0"]
[WhiteElo "2412"]
[BlackElo "2445"]
[PlyCount "69"]
[EventDate "2021.??.??"]
[EventType "blitz"]

1. e4 e5 2. Nf3 d5 3. exd5 e4 4. Qe2 Nf6 5. d3 Qxd5 6. Nbd2 Be7 7. dxe4 Qa5 8.
Qb5+ Qxb5 9. Bxb5+ c6 10. Bd3 O-O 11. O-O Rd8 12. Re1 Nbd7 13. e5 Ng4 14. h3
Nh6 15. Ne4 Nc5 16. Nxc5 Bxc5 17. Be3 Bxe3 18. Rxe3 Be6 19. a3 Nf5 20. Bxf5
Bxf5 21. c3 c5 22. b4 b6 23. g4 Be6 24. Kh2 Rd5 25. Kg3 Rad8 26. Rae1 a5 27.
Ng5 Rd2 28. f4 cxb4 29. axb4 a4 30. f5 Bc4 31. e6 fxe6 32. fxe6 a3 33. e7 Re8
34. Ne4 a2 35. Nxd2 {Normal} 1-0

[Event "Rated Blitz tournament apr21bta"]
[Site "?"]
[Date "2021.04.03"]
[Round "?"]
[White "TheRedKing89"]
[Black "KrAKeN_1"]
[Result "1/2-1/2"]
[WhiteElo "2619"]
[BlackElo "2506"]
[PlyCount "115"]
[EventDate "2021.??.??"]
[EventType "blitz"]

1. e4 e5 2. Nf3 d5 3. Nxe5 Bd6 4. d4 dxe4 5. Bc4 Bxe5 6. dxe5 Qxd1+ 7. Kxd1 Nc6
8. Bb5 Nge7 9. Nc3 Bf5 10. Bg5 Rd8+ 11. Ke1 h6 12. Bxe7 Kxe7 13. Bxc6 bxc6 14.
g4 Bg6 15. Rd1 Ke6 16. Rxd8 Rxd8 17. Ke2 Kxe5 18. Ke3 Bh7 19. Rd1 Rxd1 20. Nxd1
g6 21. Nc3 f5 22. gxf5 gxf5 23. Ne2 Bg8 24. a3 Bf7 25. Nf4 Be8 26. Ne2 Bf7 27.
h4 Bh5 28. Nf4 Bf7 29. Ng2 a5 30. b3 Bh5 31. c3 Bd1 32. b4 a4 33. Nf4 Bb3 34.
Ng6+ Kf6 35. h5 Bf7 36. Nf4 Ke5 37. f3 exf3 38. Kxf3 Be8 39. Ke3 Bf7 40. Nd3+
Kf6 41. Nc5 Bxh5 42. Nxa4 Bd1 43. Nc5 h5 44. a4 h4 45. a5 h3 46. Kf2 Be2 47. a6
Bxa6 48. Nxa6 Ke5 49. Nxc7 Ke4 50. c4 Kd4 51. c5 Kc4 52. Na6 Kb5 53. Nb8 Kxb4
54. Nxc6+ Kxc5 55. Ne7 Kd4 56. Nxf5+ Ke4 57. Kg3 h2 58. Kxh2 {Normal} 1/2-1/2

[Event "Rated Blitz game"]
[Site "?"]
[Date "2021.04.03"]
[Round "?"]
[White "SeFeliz"]
[Black "Melladov"]
[Result "1/2-1/2"]
[WhiteElo "2483"]
[BlackElo "2589"]
[PlyCount "106"]
[EventDate "2021.??.??"]
[EventType "blitz"]

1. e4 e5 2. Nf3 d5 3. exd5 e4 4. Qe2 Nf6 5. Nc3 Be7 6. Nxe4 O-O 7. Nxf6+ Bxf6
8. Qd1 Qxd5 9. Be2 Re8 10. O-O Nc6 11. c3 Bf5 12. d4 Be4 13. Be3 Ne7 14. Qb3
Qxb3 15. axb3 Nd5 16. Bd2 h6 17. Rfe1 a6 18. b4 c6 19. Ne5 Bxe5 20. dxe5 Rxe5
21. Bd3 Rae8 22. Bxe4 Rxe4 23. f3 Rxe1+ 24. Rxe1 Rxe1+ 25. Bxe1 Ne3 26. Bd2 Nc4
27. Bc1 Ne5 28. Be3 f5 29. Kf1 Kf7 30. Ke2 Ke6 31. Bd4 g5 32. Bxe5 Kxe5 33. Ke3
f4+ 34. Kd3 Kd5 35. c4+ Ke5 36. Kc3 b6 37. h3 c5 38. bxc5 bxc5 39. Kd3 h5 40.
Kc3 a5 41. Kd3 Kf5 42. Kc3 g4 43. h4 gxf3 44. gxf3 Ke5 45. Kd3 a4 46. Kc3 Kd6
47. b4 axb3 48. Kxb3 Kc6 49. Ka3 Kb6 50. Kb3 Ka5 51. Ka3 Kb6 52. Kb3 Ka5 53.
Ka3 Kb6 {Normal} 1/2-1/2

[Event "Rated Blitz game"]
[Site "?"]
[Date "2021.04.03"]
[Round "?"]
[White "Koksik_5"]
[Black "King_bg03"]
[Result "0-1"]
[WhiteElo "2392"]
[BlackElo "2475"]
[PlyCount "80"]
[EventDate "2021.??.??"]
[EventType "blitz"]

1. e4 e5 2. Nf3 d5 3. Nxe5 Bd6 4. d4 dxe4 5. Bc4 Bxe5 6. dxe5 Qxd1+ 7. Kxd1 Nc6
8. c3 Nxe5 9. Be2 Bf5 10. Bf4 O-O-O+ 11. Kc1 Nd3+ 12. Bxd3 exd3 13. Nd2 Nf6 14.
h3 Nd5 15. Be3 Rhe8 16. Re1 Re7 17. a3 Nf4 18. b4 Nxg2 19. Rg1 Nxe3 20. fxe3
Rxe3 21. Rxg7 Re1+ 22. Kb2 Rxa1 23. Kxa1 Bg6 24. Kb2 Re8 25. c4 Re3 26. h4 Rh3
27. Rg8+ Kd7 28. Rb8 b6 29. b5 Rxh4 30. Ra8 Rh2 31. Kc3 h5 32. Rxa7 h4 33. a4
h3 34. a5 Rxd2 35. Kxd2 h2 36. axb6 h1=Q 37. b7 Qg2+ 38. Kc3 Qc2+ 39. Kb4 Qb2+
40. Kc5 Qf2+ {Normal} 0-1

[Event "Rated Blitz game"]
[Site "?"]
[Date "2021.04.03"]
[Round "?"]
[White "makeareason"]
[Black "Schachelite"]
[Result "0-1"]
[WhiteElo "2449"]
[BlackElo "2479"]
[PlyCount "128"]
[EventDate "2021.??.??"]
[EventType "blitz"]

1. e4 e5 2. Nf3 d5 3. Nxe5 Bd6 4. d4 dxe4 5. Nc3 Nf6 6. Bg5 O-O 7. Bc4 Be7 8.
O-O Bf5 9. Bb3 Nbd7 10. Nxd7 Nxd7 11. Bf4 c6 12. Qe2 Nf6 13. Rad1 Re8 14. Rfe1
Bb4 15. h3 Nd5 16. Nxd5 cxd5 17. c3 Bd6 18. Bxd6 Qxd6 19. Qb5 Be6 20. Re3 a6
21. Qa5 b6 22. Qa4 Bd7 23. Qb4 Qxb4 24. cxb4 Be6 25. Rc3 Kf8 26. Rc6 Rab8 27.
Rdc1 Red8 28. Bd1 Ke7 29. Be2 a5 30. bxa5 bxa5 31. b3 Rdc8 32. Kf1 Rxc6 33.
Rxc6 a4 34. Rc3 axb3 35. Rxb3 Rxb3 36. axb3 Kd6 37. b4 g5 38. Ke1 f5 39. Kd2 f4
40. Kc3 Kc6 41. b5+ Kb6 42. Kb4 Bd7 43. Bf1 h5 44. g3 e3 45. gxf4 gxf4 46. fxe3
fxe3 47. h4 Bg4 48. Kc3 e2 49. Bxe2 Bxe2 50. Kd2 Bg4 51. Ke3 Kxb5 52. Kf4 Kc4
53. Ke5 Bf3 54. Kf4 Bd1 55. Ke3 Bg4 56. Kf4 Kxd4 57. Kg3 Ke3 58. Kg2 d4 59. Kf1
d3 60. Ke1 d2+ 61. Kf1 d1=Q+ 62. Kg2 Qf3+ 63. Kg1 Qg3+ 64. Kf1 Qf2# {Normal}
0-1

[Event "Rated Blitz game"]
[Site "?"]
[Date "2021.04.03"]
[Round "?"]
[White "Castrito"]
[Black "Chessbear_163"]
[Result "1-0"]
[WhiteElo "2446"]
[BlackElo "2313"]
[PlyCount "99"]
[EventDate "2021.??.??"]
[EventType "blitz"]

1. e4 e5 2. Nf3 d5 3. d3 dxe4 4. dxe4 Qxd1+ 5. Kxd1 Nc6 6. Bb5 Bd7 7. c3 O-O-O
8. Kc2 f5 9. Nbd2 fxe4 10. Nxe4 Be7 11. Re1 Bf5 12. Bxc6 bxc6 13. Nxe5 Nf6 14.
f3 Rhe8 15. Nxc6 Rd6 16. Nxe7+ Rxe7 17. Bg5 Bxe4+ 18. fxe4 Rxe4 19. Bxf6 Rxe1
20. Rxe1 Rxf6 21. Re2 Kb7 22. b4 a6 23. c4 Kb6 24. Kb3 c5 25. bxc5+ Kxc5 26.
Re5+ Kb6 27. Rg5 g6 28. h4 Rf4 29. h5 Rf6 30. hxg6 hxg6 31. Kb4 Re6 32. a4 Rf6
33. a5+ Kb7 34. Kc5 Rc6+ 35. Kd5 Rf6 36. c5 Rc6 37. Re5 Rf6 38. Re7+ Kb8 39.
Re6 Rf5+ 40. Kc6 g5 41. Kb6 Rf8 42. Rg6 Ka8 43. c6 Rb8+ 44. Kxa6 Rc8 45. Kb6 g4
46. Rg7 g3 47. Ra7+ Kb8 48. c7+ Rxc7 49. Rxc7 Ka8 50. Rc8# {Normal} 1-0

[Event "Rated Blitz game"]
[Site "?"]
[Date "2021.04.03"]
[Round "?"]
[White "Chernov_M"]
[Black "oALzJoN76"]
[Result "0-1"]
[WhiteElo "2406"]
[BlackElo "2315"]
[PlyCount "40"]
[EventDate "2021.??.??"]
[EventType "blitz"]

1. e4 e5 2. Nf3 d5 3. exd5 e4 4. Qe2 Nf6 5. Nc3 Be7 6. Nxe4 O-O 7. d3 Qxd5 8.
Nxf6+ Bxf6 9. Qe4 Qa5+ 10. Bd2 Qb6 11. Rb1 Nc6 12. Be2 Be6 13. O-O Bxa2 14. Ra1
Qxb2 15. Bg5 Rfe8 16. Qh4 Bxg5 17. Nxg5 h6 18. Ne4 Qxc2 19. Qg4 Be6 20. Qf3 Nd4
{Normal} 0-1

[Event "Rated Blitz tournament 45L482oy"]
[Site "?"]
[Date "2021.04.03"]
[Round "?"]
[White "ErinYu"]
[Black "ChessMeraki"]
[Result "0-1"]
[WhiteElo "2426"]
[BlackElo "2361"]
[PlyCount "166"]
[EventDate "2021.??.??"]
[EventType "blitz"]

1. e4 e5 2. Nf3 d5 3. d4 dxe4 4. Nxe5 Bd6 5. Nc4 Nc6 6. c3 Nf6 7. Bg5 h6 8. Bh4
Bf5 9. Nxd6+ Qxd6 10. Bg3 Qe7 11. Qb3 Rb8 12. Be2 O-O 13. O-O b6 14. Na3 Na5
15. Qd1 Rbd8 16. b4 Nb7 17. Qb3 c5 18. bxc5 bxc5 19. Nc4 Be6 20. Qa3 Bxc4 21.
Bxc4 Rfe8 22. Rad1 cxd4 23. Qxe7 Rxe7 24. cxd4 Red7 25. Be5 Ng4 26. Be2 Nxe5
27. dxe5 Rxd1 28. Rxd1 Rxd1+ 29. Bxd1 Kf8 30. Bc2 Nc5 31. Kf1 Ke7 32. Ke2 Ke6
33. Ke3 Kxe5 34. g4 g6 35. h4 f5 36. gxf5 gxf5 37. f4+ exf3 38. Kxf3 Ne4 39. a4
a5 40. Ke3 f4+ 41. Kf3 Nd2+ 42. Kg4 Nc4 43. Kf3 Nd6 44. Bd1 Nb7 45. Bc2 Nc5 46.
h5 Ne6 47. Bd1 Nd4+ 48. Kg4 Ke4 49. Kh3 Ke3 50. Kg4 f3 51. Bxf3 Nxf3 52. Kf5
Kd4 53. Kg6 Ne5+ 54. Kxh6 Kc4 55. Kg7 Ng4 56. Kg6 Kb4 57. Kg5 Ne5 58. Kf6 Ng4+
59. Kg5 Ne5 60. Kf5 Nd7 61. Kg6 Nf8+ 62. Kf7 Nd7 63. h6 Ne5+ 64. Kf6 Ng4+ 65.
Kg6 Nxh6 66. Kxh6 Kxa4 67. Kg5 Kb3 68. Kf4 a4 69. Ke3 Kb2 70. Ke2 a3 71. Kd2 a2
72. Kd3 a1=Q 73. Kc4 Qc1+ 74. Kd3 Qc2+ 75. Kd4 Kb3 76. Ke5 Qc3+ 77. Ke6 Qc4+
78. Kd7 Kb4 79. Ke8 Qd3 80. Kf8 Qe2 81. Kf7 Qe3 82. Kg7 Qd3 83. Kg8 Qd4 {
Time forfeit} 0-1

[Event "Rated Blitz game"]
[Site "?"]
[Date "2021.04.03"]
[Round "?"]
[White "JoeFr"]
[Black "pasha1984"]
[Result "1-0"]
[WhiteElo "2578"]
[BlackElo "2401"]
[PlyCount "51"]
[EventDate "2021.??.??"]
[EventType "blitz"]

1. e4 e5 2. Nf3 d5 3. exd5 e4 4. Qe2 Nf6 5. d3 Qxd5 6. Nc3 Bb4 7. Bd2 Bxc3 8.
Bxc3 O-O 9. Ne5 Nc6 10. Nxc6 Qxc6 11. O-O-O Bg4 12. f3 exf3 13. Qf2 fxg2 14.
Bxg2 Qb6 15. Bd4 Qa6 16. Rdg1 Kh8 17. Bxb7 Qe6 18. Bxa8 Rxa8 19. Bxf6 gxf6 20.
Re1 Qd6 21. Rhg1 f5 22. Kb1 Rb8 23. Ka1 Qb4 24. c3 Qb5 25. Qd4+ Kg8 26. c4 {
Normal} 1-0

[Event "Rated Blitz tournament 54uIcFz0"]
[Site "?"]
[Date "2021.04.03"]
[Round "?"]
[White "ChessFerzZ"]
[Black "Korshun_2022"]
[Result "0-1"]
[WhiteElo "2523"]
[BlackElo "2296"]
[PlyCount "57"]
[EventDate "2021.??.??"]
[EventType "blitz"]

1. e4 e5 2. Nf3 d5 3. Nxe5 Bd6 4. d4 dxe4 5. Nc4 Nf6 6. Nc3 O-O 7. Bg5 Be7 8.
Be2 Nc6 9. d5 Nxd5 10. Qxd5 Bxg5 11. Qxd8 Bxd8 12. Nxe4 Re8 13. f3 f5 14. Nc3
Nd4 15. Kf2 Nxc2 16. Rad1 Nb4 17. a3 Nc6 18. Nd5 Be6 19. Rhe1 Bxd5 20. Rxd5 f4
21. Bd3 Bh4+ 22. g3 fxg3+ 23. hxg3 Bxg3+ 24. Kxg3 Rxe1 25. Rd7 Re7 26. Rxe7
Nxe7 27. Be4 c6 28. Nd6 Rb8 29. Nc4 {Normal} 0-1

[Event "Rated Blitz game"]
[Site "?"]
[Date "2021.04.03"]
[Round "?"]
[White "BLITZ16"]
[Black "Schachelite"]
[Result "0-1"]
[WhiteElo "2406"]
[BlackElo "2462"]
[PlyCount "46"]
[EventDate "2021.??.??"]
[EventType "blitz"]

1. e4 e5 2. Nf3 d5 3. exd5 e4 4. Nd4 Qxd5 5. Nb3 Bd6 6. Nc3 Qe5 7. Be2 Nf6 8.
d4 exd3 9. Qxd3 O-O 10. Be3 Nc6 11. a3 Bf5 12. Qd2 Rad8 13. Bd4 Nxd4 14. Qxd4
Bxc2 15. Qxe5 Bxe5 16. Nc5 b6 17. Rc1 Bg6 18. Nb3 Rfe8 19. Kf1 c5 20. f3 Bf4
21. Rd1 Bc2 22. Rxd8 Rxd8 23. Kf2 Bxb3 {Normal} 0-1

[Event "Rated Blitz game"]
[Site "?"]
[Date "2021.04.03"]
[Round "?"]
[White "kespenekare"]
[Black "lavilaine"]
[Result "0-1"]
[WhiteElo "2425"]
[BlackElo "2329"]
[PlyCount "78"]
[EventDate "2021.??.??"]
[EventType "blitz"]

1. e4 e5 2. Nf3 d5 3. Nc3 d4 4. Ne2 Bd6 5. Ng3 c5 6. d3 Nc6 7. c4 Be6 8. Be2 f6
9. a3 Nge7 10. Bd2 Qd7 11. O-O h5 12. Re1 h4 13. Nf1 g5 14. Rb1 g4 15. b4 gxf3
16. Bxf3 h3 17. g3 O-O-O 18. Qa4 a6 19. b5 Nb8 20. Ba5 Bc7 21. Bxc7 Qxc7 22.
bxa6 Nxa6 23. Rb5 Bd7 24. Reb1 Bxb5 25. cxb5 Nb8 26. Nd2 Nd7 27. Nc4 Nb6 28.
Bg4+ f5 29. Nxb6+ Qxb6 30. exf5 Rdg8 31. f6+ Rxg4 32. fxe7 Kb8 33. Re1 Re8 34.
Rxe5 Rgg8 35. Qd1 Qd6 36. Qe1 Rg7 37. Re6 Rgxe7 38. Rxe7 Qxe7 39. Kf1 Qxe1# {
Normal} 0-1

[Event "Rated Blitz tournament apr21bta"]
[Site "?"]
[Date "2021.04.03"]
[Round "?"]
[White "habasila"]
[Black "KrAKeN_1"]
[Result "1/2-1/2"]
[WhiteElo "2505"]
[BlackElo "2522"]
[PlyCount "85"]
[EventDate "2021.??.??"]
[EventType "blitz"]

1. e4 e5 2. Nf3 d5 3. Nxe5 Bd6 4. d4 dxe4 5. Be2 Bxe5 6. dxe5 Qxd1+ 7. Bxd1 Nc6
8. Bf4 Nge7 9. Nc3 Bf5 10. e6 Bxe6 11. Bxc7 f5 12. f3 O-O 13. fxe4 fxe4 14. Bd6
Rae8 15. Bxe7 Rxe7 16. Rf1 Rd8 17. Rf4 e3 18. Re4 Bf5 19. Rxe7 Nxe7 20. Bf3
Bxc2 21. Rc1 Bg6 22. Rd1 Rxd1+ 23. Nxd1 b6 24. Nxe3 Bf7 25. a3 Kf8 26. Kd2 Ng6
27. Be4 Ne5 28. g3 g6 29. Kc3 Ke7 30. Kd4 Kd6 31. h4 Be6 32. b4 Bf7 33. g4 Be6
34. g5 Bf7 35. Nd1 Bb3 36. Nc3 Bc4 37. Nd1 Bb5 38. Ne3 Bd7 39. Nd5 Ng4 40. Bf3
Ne5 41. Be4 Ng4 42. Bf3 Ne5 43. Be4 {Normal} 1/2-1/2

[Event "Rated Blitz tournament apr21bta"]
[Site "?"]
[Date "2021.04.03"]
[Round "?"]
[White "gsvc"]
[Black "Abik02"]
[Result "1-0"]
[WhiteElo "2775"]
[BlackElo "2583"]
[PlyCount "60"]
[EventDate "2021.??.??"]
[EventType "blitz"]

1. e4 e5 2. Nf3 d5 3. Nxe5 Bd6 4. d4 dxe4 5. Bc4 Bxe5 6. Qh5 Qe7 7. Qxe5 Qxe5
8. dxe5 Nc6 9. Bf4 Nge7 10. Bg3 Ng6 11. Nc3 Ncxe5 12. Bd5 c6 13. Bb3 Be6 14.
Bxe6 fxe6 15. Nxe4 O-O-O 16. f3 h6 17. Ke2 Nf7 18. a4 Ne7 19. Rhd1 Nf5 20. Bf2
Rd5 21. Bxa7 Rhd8 22. Bb6 Rxd1 23. Rxd1 Rxd1 24. Kxd1 Ne5 25. b3 g5 26. Ke2 g4
27. fxg4 Nxg4 28. h3 Ne5 29. g4 Ne7 30. Be3 Nd5 {Normal} 1-0

[Event "Rated Blitz game"]
[Site "?"]
[Date "2021.04.03"]
[Round "?"]
[White "BLITZ16"]
[Black "Schachelite"]
[Result "0-1"]
[WhiteElo "2421"]
[BlackElo "2493"]
[PlyCount "52"]
[EventDate "2021.??.??"]
[EventType "blitz"]

1. e4 e5 2. Nf3 d5 3. Nxe5 Bd6 4. d4 dxe4 5. Nc4 Nf6 6. Nc3 O-O 7. Be2 Be7 8.
O-O Nc6 9. Be3 b6 10. d5 Nb4 11. Bg5 Nbxd5 12. Nxd5 Qxd5 13. Bxf6 Qxd1 14.
Raxd1 Bxf6 15. b3 Re8 16. Ne3 Bb7 17. Nd5 Bxd5 18. Rxd5 Be5 19. Bb5 Re7 20. Bc6
Rf8 21. Re1 f5 22. f3 Bd6 23. fxe4 fxe4 24. Rxd6 cxd6 25. Bxe4 Kh8 26. Re2 Rfe8
{Normal} 0-1

[Event "Rated Blitz tournament apr21bta"]
[Site "?"]
[Date "2021.04.03"]
[Round "?"]
[White "WelshTiger"]
[Black "KamranShirazi"]
[Result "1-0"]
[WhiteElo "2392"]
[BlackElo "2489"]
[PlyCount "99"]
[EventDate "2021.??.??"]
[EventType "blitz"]

1. e4 e5 2. Nf3 d5 3. exd5 e4 4. Qe2 Nf6 5. Nc3 Be7 6. Nxe4 Nxd5 7. d3 O-O 8.
Qd1 Re8 9. Be2 f5 10. Ng3 Bb4+ 11. c3 Nxc3 12. bxc3 Bxc3+ 13. Bd2 Bxa1 14. Qxa1
Qxd3 15. O-O Rxe2 16. Nxe2 Qxe2 17. Re1 Qb5 18. Qd4 Nc6 19. Qf4 Bd7 20. Qxc7
Qd5 21. Bc3 b6 22. h4 h6 23. Qg3 Qf7 24. Qd6 Re8 25. Rxe8+ Bxe8 26. a4 Qd7 27.
Qg3 Kh7 28. Ne5 Nxe5 29. Qxe5 Qf7 30. Kh2 Bxa4 31. Qf4 Bc6 32. g4 Be4 33. g5
Qh5 34. Qe5 Qg6 35. f4 Bf3 36. Kg3 Bg4 37. Qc7 hxg5 38. fxg5 Be2 39. Qxa7 Qd6+
40. Kf2 Qh2+ 41. Ke3 Qg3+ 42. Kxe2 Qxc3 43. Qxb6 Qc4+ 44. Kf3 Qxh4 45. g6+ Kh6
46. Qb8 Qg4+ 47. Ke3 Qxg6 48. Qh8+ Kg5 49. Qh2 Qh5 50. Qf4+ {Time forfeit} 1-0

[Event "Rated Blitz tournament apr21bta"]
[Site "?"]
[Date "2021.04.03"]
[Round "?"]
[White "Korkmaz16"]
[Black "KrAKeN_1"]
[Result "0-1"]
[WhiteElo "2434"]
[BlackElo "2493"]
[PlyCount "146"]
[EventDate "2021.??.??"]
[EventType "blitz"]

1. e4 e5 2. Nf3 d5 3. Nxe5 Bd6 4. d4 dxe4 5. Nc4 Nf6 6. Nc3 Nc6 7. Bg5 Be7 8.
d5 Nb4 9. d6 cxd6 10. a3 Nc6 11. Bxf6 Bxf6 12. Nxd6+ Ke7 13. Ndxe4 Re8 14. Nxf6
Kxf6+ 15. Be2 Qxd1+ 16. Rxd1 Bf5 17. Nd5+ Kg6 18. Nc7 Bxc2 19. Rd2 Bf5 20. Nxa8
Rxa8 21. O-O Kf6 22. Bf3 Ne5 23. Bxb7 Rb8 24. Bd5 Nd3 25. b4 Nf4 26. Bf3 g5 27.
h3 h5 28. Re1 g4 29. hxg4 hxg4 30. Bc6 Rg8 31. Rd6+ Be6 32. g3 Nh3+ 33. Kg2 Ng5
34. Bd5 Ke7 35. Ra6 Rd8 36. Rxa7+ Kf6 37. Bxe6 fxe6 38. Re2 Nf3 39. Re4 Rg8 40.
Rf4+ Ke5 41. Rxf3 gxf3+ 42. Kxf3 Rc8 43. Kg2 Rc2 44. b5 Kd5 45. a4 Rb2 46. Ra8
e5 47. g4 e4 48. Kg3 Rb3+ 49. Kg2 Rb2 50. Rd8+ Ke5 51. g5 Kf5 52. Rd5+ Kf4 53.
Rd4 Kf5 54. Kg3 Rb3+ 55. Kg2 Rb2 56. Kf1 Ke5 57. Rc4 Kd5 58. Rc6 Rb1+ 59. Kg2
Rb2 60. Kg3 Ra2 61. g6 Rxa4 62. g7 Ra8 63. Rg6 Rg8 64. b6 Ke5 65. b7 Kf5 66.
Rg4 Kf6 67. Rf4+ Ke7 68. Rg4 Kd7 69. Kf4 e3 70. Ke4 exf2 71. Rf4 Rxg7 72. Rxf2
Re7+ 73. Kd5 Kc7 {Time forfeit} 0-1

[Event "Rated Blitz tournament vtnxHTLX"]
[Site "?"]
[Date "2021.04.03"]
[Round "?"]
[White "venajalainen"]
[Black "vovaches"]
[Result "1-0"]
[WhiteElo "2830"]
[BlackElo "2634"]
[PlyCount "51"]
[EventDate "2021.??.??"]
[EventType "blitz"]

1. e4 e5 2. Nf3 d5 3. exd5 e4 4. Qe2 Nf6 5. d3 Qxd5 6. Nbd2 Nc6 7. dxe4 Qe6 8.
Qc4 Qd7 9. Bd3 Bd6 10. O-O O-O 11. Re1 Re8 12. Nf1 Qe7 13. Ng3 Be6 14. Qb5 a6
15. Qg5 h6 16. Qh4 Ne5 17. Nxe5 Bxe5 18. Bd2 Bxb2 19. Rab1 Be5 20. Rxb7 Bxa2
21. Nf5 Qf8 22. f4 Qc5+ 23. Be3 Qc6 24. fxe5 Rxe5 25. Rb2 Rd8 26. Rxa2 {Normal}
1-0